| 000 | 02016nam a2200253 4500 | ||
|---|---|---|---|
| 001 | 0000010884 | ||
| 005 | 20250329165417.0 | ||
| 007 | ta | ||
| 008 | 180709s2019 000 0 eng d | ||
| 040 |
_aCO-CtgCURN _bspa _ccoctgcurn |
||
| 082 | 0 |
_aBAC 2019 _bM828 |
|
| 100 | 1 | _aMorales Kuast, Genailys Sandri. | |
| 245 | 1 | 0 |
_aFrecuencia de portacion de staphylococcus aureaus y staphylococcus aureaus meticilino resistente y factores de riesgo asociados en mascotas (perros y gatos) y sus dueños en las localidades 1 y 2 de la ciudad de Cartagena en el año 2018 / _cGenailys Sandri Morales Kuast; Sandra Patricia Torres Correa; Liliana Nodier Sarmiento Arzuza; Director: Mavianis Pinilla Pérez; Lucy Margarita Villafañe Ferrer. |
| 260 | 1 |
_aCartagena de Indias : : _bCorporación Universitaria Rafael Nuñez,, _c2019. |
|
| 300 | _a83 hojas. | ||
| 504 | _aTrabajo de grado (Bacteriologia). Corporación Universitaria Rafael Nuñez. Facultad de Ciencias de la salud. Bacteriologia, 2019. | ||
| 520 | _aLas parasitosis intestinales son un problema de salud pública ampliamente distribuido en países en desarrollo que se ubican en las regiones tropicales y subtropicales, donde las tasas de prevalencia son muy superiores a las de otras regiones. Son varios lo s agentes implicados en estas entidades que, dado a sus mecanismos patogónicos, producen en sus huéspedes alteraciones que predisponen a otras enfermedades generando consecuencias que afectan a los individuos de todas las edades y sexo sobre todo en los primeros años de vida. | ||
| 650 | 1 | 4 |
_aBacteriologia _vTesis y disertaciones academicas. |
| 700 | 1 |
_aAparicio Marenco, Dilia, _edirectora. |
|
| 700 | 1 |
_aPinilla Pérez, Mavianis, _edirectora. |
|
| 856 |
_uhttps://unicurn.sharepoint.com/:b:/s/biblioteca/EUAiruk1BBNJkBFA3tZUS4QBMQJivrfRInXALvLu0KyhuQ?e=ZKboCm _zClick aqui para ver el recurso en texto completo |
||
| 942 |
_2ddc _cTG _hBAC 2019 _iM828 |
||
| 999 |
_c3066 _d3066 |
||